[Event "Penang op 15th"]
[Site "Penang"]
[Date "2023.12.21"]
[Round "7"]
[White "Cheng, Chao Xin"]
[Black "Choo, Ting Han"]
[Result "1/2-1/2"]
[WhiteElo "1775"]
[BlackElo "1371"]
[PlyCount "71"]
[EventDate "2023.12.18"]
[EventType "swiss"]
[EventRounds "9"]
[EventCountry "MAS"]
[SourceTitle "CB52_2023"]
[SourceDate "2023.12.27"]
[SourceVersion "1"]
[SourceVersionDate "2023.12.27"]
[SourceQuality "1"]

1. e4 e5 2. Nf3 Nc6 3. Nc3 Nf6 4. Bb5 a6 5. Bxc6 dxc6 6. Nxe5 Nxe4 7. Nxe4 Qd4 8. 0-0 Qxe5 9. Re1 Be6 10. d4 Qf5 11. Ng3 Qd5 12. Be3 0-0-0 13. Qe2 Bd6 14. Rec1 Bxg3 15. hxg3 h5 16. c4 Qd7 17. Rc3 Qe7 18. Qd2 h4 19. Rac1 h3 20. f3 Rh7 21. Kf2 hxg2 22. Rg1 Rdh8 23. d5 Bd7 24. Qd4 b6 25. d6 Qe6 26. dxc7 c5 27. Qd5 Qc6 28. Qxc6 Bxc6 29. Bf4 f6 30. g4 g5 31. Bg3 Rd7 32. Ke2 Re8+ 33. Re3 Rxe3+ 34. Kxe3 Re7+ 35. Kf2 Rd7 36. Ke3 1/2-1/2

[Event "Penang op 15th"]
[Site "Penang"]
[Date "2023.12.20"]
[Round "5"]
[White "Choo, Ting Han"]
[Black "Nyimas, Shieta Prima Citra"]
[Result "1-0"]
[WhiteElo "1371"]
[BlackElo "1817"]
[PlyCount "83"]
[EventDate "2023.12.18"]
[EventType "swiss"]
[EventRounds "9"]
[EventCountry "MAS"]
[SourceTitle "CB52_2023"]
[SourceDate "2023.12.27"]
[SourceVersion "1"]
[SourceVersionDate "2023.12.27"]
[SourceQuality "1"]

1. d4 Nf6 2. c4 e6 3. Nc3 d5 4. cxd5 exd5 5. Bg5 Be7 6. e3 c6 7. Bd3 h6 8. Bh4 0-0 9. Nge2 Nbd7 10. 0-0 Re8 11. f3 Nb6 12. Bf2 Be6 13. h3 c5 14. Rc1 c4 15. Bb1 Nfd7 16. Nf4 Nf8 17. e4 Bg5 18. Nce2 Qd6 19. e5 Qb4 20. Qc2 Rac8 21. h4 Bxf4 22. Nxf4 Na4 23. Nxe6 fxe6 24. Be1 Qxb2 25. Qd1 Qb5 26. Bc2 Nb2 27. Qe2 Nd3 28. Rb1 Qa6 29. f4 Nxe1 30. Rbxe1 b5 31. f5 exf5 32. Bxf5 Rc6 33. Qf3 c3 34. Qxd5+ Ne6 35. Bg6 Rd8 36. Qf3 c2 37. Qf7+ Kh8 38. Be4 c1Q 39. Qf5 g6 40. Qf6+ Kg8 41. Qxg6+ Ng7 42. Qh7# 1-0

[Event "Penang op 15th"]
[Site "Penang"]
[Date "2023.12.19"]
[Round "4"]
[White "Masli, Muhd Nur Daie"]
[Black "Choo, Ting Han"]
[Result "1-0"]
[WhiteElo "1842"]
[BlackElo "1371"]
[PlyCount "85"]
[EventDate "2023.12.18"]
[EventType "swiss"]
[EventRounds "9"]
[EventCountry "MAS"]
[SourceTitle "CB52_2023"]
[SourceDate "2023.12.27"]
[SourceVersion "1"]
[SourceVersionDate "2023.12.27"]
[SourceQuality "1"]

1. e4 e5 2. Nf3 Nc6 3. Bb5 a6 4. Ba4 Nf6 5. Qe2 b5 6. Bb3 Be7 7. 0-0 0-0 8. c3 d6 9. Rd1 Be6 10. Bxe6 fxe6 11. d4 exd4 12. cxd4 h6 13. d5 Ne5 14. Nxe5 dxe5 15. Nc3 exd5 16. Nxd5 Nxd5 17. Rxd5 Bd6 18. Be3 Qe7 19. Rad1 Rf6 20. Qc2 Qf7 21. f3 Rf8 22. a3 Qg6 23. Kh1 Qh5 24. f4 Qe8 25. f5 Qh5 26. Rg1 Qg4 27. h3 Qh5 28. Kh2 g5 29. g4 Qe8 30. h4 Qe7 31. Qc1 Qh7 32. Rg2 Kf7 33. Kg1 gxh4 34. g5 hxg5 35. Bxg5 h3 36. Rg3 h2+ 37. Kh1 Rg8 38. Rxd6 Ke8 39. Rxf6 Kd7 40. Qc6+ Kc8 41. Qa8+ Kd7 42. Qd5+ Kc8 43. Rf7 1-0

[Event "Penang op 15th"]
[Site "Penang"]
[Date "2023.12.18"]
[Round "1"]
[White "Choo, Ting Han"]
[Black "Chua, Jia Tien"]
[Result "0-1"]
[WhiteElo "1371"]
[BlackElo "1858"]
[PlyCount "86"]
[EventDate "2023.12.18"]
[EventType "swiss"]
[EventRounds "9"]
[EventCountry "MAS"]
[SourceTitle "CB52_2023"]
[SourceDate "2023.12.27"]
[SourceVersion "1"]
[SourceVersionDate "2023.12.27"]
[SourceQuality "1"]

1. d4 d5 2. c4 e6 3. Nc3 c5 4. Nf3 Nc6 5. cxd5 exd5 6. Bg5 f6 7. Bf4 g5 8. Bg3 g4 9. Nd2 Nxd4 10. e3 Nc6 11. Be2 Nh6 12. Qa4 Be6 13. Nb5 Rc8 14. Nxa7 Ra8 15. Nxc6 Rxa4 16. Nxd8 Kxd8 17. 0-0 Nf5 18. Bf4 Bd6 19. b3 Ra5 20. Bxg4 Bxf4 21. exf4 Kd7 22. a4 Rg8 23. Bxf5 Bxf5 24. Rfe1 Ra6 25. Rac1 Rc6 26. Re2 Rgc8 27. Rd1 Rd6 28. Nf1 c4 29. Ne3 Be6 30. Rd4 cxb3 31. f3 Rc3 32. f5 Bf7 33. Kf2 Kc6 34. Nd1 Rc2 35. Nb2 Kc5 36. Rh4 d4 37. Rxc2+ bxc2 38. Nd3+ Kc4 39. Ke2 Kc3 40. Nc1 d3+ 41. Ke3 d2 42. Ne2+ Kb2 43. Nd4 Rxd4 0-1